Normal view
MARC view
Entry Personal Name
001 - CONTROL NUMBER
- control field: 165677
003 - CONTROL NUMBER IDENTIFIER
- control field: OSt
005 - DATE AND TIME OF LATEST TRANSACTION
- control field: 20220923221846.0
008 - FIXED-LENGTH DATA ELEMENTS
- fixed length control field: 220923|| aca||aabn | a|a d
040 ## - CATALOGING SOURCE
- Original cataloging agency: OSt
- Transcribing agency: OSt
100 ## - HEADING--PERSONAL NAME
- Personal name: भारत सरकार. सूचना और प्रसारण मन्त्रालय
670 ## - SOURCE DATA FOUND
- Source citation: Work cat.: (OSt)352229: राव, मोहन, महात्मा गांधी का सन्देश, 1960
